000 00464nam a22001817a 4500
003 OSt
005 20250924102337.0
008 250924b |||||||| |||| 00| 0 eng d
040 _aLB-BrCRDP
041 _aENG.
082 _a363.125 95692 Y29
100 _aYASA
245 _aWho is YASA: promoting road safety since 1994
260 _aBeirut
_bYASA
_c2013
300 _b144 pages
_c22 cm
650 _aYASA- promoting road safety since 1994
942 _2ddc
_cBK
999 _c24320
_d24320